000 00993cam a2200313 i 4500
001 768714001
003 CO-MdFUSB
005 20230525101319.0
007 ta
008 230525t1953 -us||||| |||| 00| | eng d
020 _a 9780837041278
040 _bspa.
_aCO-MdFUSB
_cCO-MdFUSB
_dCO-MdFUSBC
_erda
041 _aeng
041 _agrc
082 0 4 _223
_aR 227.6
_bL7232s
100 1 _aLightfoot, J. B. (Joseph Barber) (1828-1889)
_eautor
245 1 0 _aSt. Paul's Epistle to the Philippians :
_ba revised text : with introduction, notes, and dissertations
_c/ J. B. Lightfoot
264 1 _aGrand Rapids, MI,. USA :
_bZondervan,
_c[1953]
264 4 _c© 1953
300 _a350 páginas
_c; 22 cm
336 _2rdacontent
_atexto
_btxt
337 _2rdamedia
_asin mediación
_bn
338 _2rdacarrier
_avolumen
_bnc
563 _aTapa dura
630 0 7 _aBiblia.
_pFilipenses
_xCrítica, interpretación, etc.
942 _cREF
945 _aMag 1104
999 _c33887
_d33887